000 00387nam a22001697a 4500
005 20260413165857.0
008 160627b xxu||||| |||| 00| 0 eng d
020 _a09571-21891-1
041 _aeng
082 _a891.863
100 _aMilan Kundera
_99001
245 _aFarewell Waltz
260 _bPenguin India
_c2003
300 _a278
650 _aCzech fiction
_98976
942 _cBK
999 _c4201
_d4200